College Quizbowl Stats
College Quizbowl Stats
Circuits
Seasons
Sets
Records
Detailed Stats
About
Loading...
2024 ACF Winter at Northwestern
Tossups
Bonuses
Players
Teams
Categories (Tossup)
Categories (Bonus)
David Thomas
Purdue D
Categories
Category
Powers
Gets
Negs
BBs
Points
Earliest Buzz
Avg. Buzz
First Buzzes
Top 3 Buzzes
History - European History
0
1
0
0
10
80
80.00
0
1
Science - Other Science
0
1
0
0
10
75
75.00
0
0
Social Science
0
1
0
0
10
100
100.00
0
0
Geography/Current Events
0
1
1
0
5
93
93.00
0
0
Buzzes
Category
Answer
Value
Buzz Position
Science - Other Science
logic gates
10
75
History - European History
1930s
10
80
Geography/Current Events
Ural Mountains
10
93
Social Science
inequality
10
100
Geography/Current Events
Lake Tanganyika
-5
101
Previous
1
Next